| 000 | nam a22 a 4500 | ||
|---|---|---|---|
| 999 |
_c2670 _d2670 |
||
| 003 | AKMAL | ||
| 005 | 20170517150835.0 | ||
| 008 | 17051 s2010 my a e u a000 0 eng d | ||
| 039 | 9 |
_a201204251643 _bsuzilawati _c201204191045 _dfidyawati _c201203161535 _dhasliza |
|
| 040 | _aAKMAL | ||
| 082 | 0 | 4 |
_a604.70287 DSM _222 |
| 090 | 0 | 0 |
_a604.70287 _bDSM |
| 110 | 1 |
_aMalaysia. _bJabatan Standard _95568 |
|
| 245 | 1 | 0 |
_aManual of tests and criteria for transport of dangerous goods. _nPart 2, _pClassification procedures, test methods and criteria relating to explosives of class 1 - section 9 : test series 8 / _cDept. of Standards Malaysia |
| 260 |
_aCyberjaya : _bJabatan Standard Malaysia, _c2010 |
||
| 300 |
_aiii, 20p. : _bill. ; _c30cm. |
||
| 490 | 1 | _aMalaysian standard | |
| 500 | _aCover title | ||
| 650 | 1 | 0 |
_aHazardous substances _xTransportation _zMalaysia _95600 |
| 650 | 2 | 0 |
_aHazardous substances _xPackaging _95601 |
| 650 | 2 | 0 |
_aAmmonium nitrate _xTesting _95602 |
| 650 | 2 | 0 |
_aTransportation, Automotive _xSafety measures _95603 |
| 830 | 0 |
_aMalaysian standard. _nMS 1990-2-9:2010 _95604 |
|
| 942 |
_2ddc _cBOOK |
||